Famous People Named Terry, Terence, or Teresa - Statistics

General Stats
  • This quiz has been taken 61 times
  • The average score is 6 of 16
Answer Stats
Life Hint Person % Correct
1910–1997 Catholic nun and missionary who worked with the poor in Calcutta Mother Teresa
94%
1964– Susan Mayer on Desperate Housewives, Lois Lane in the 90s Teri Hatcher
50%
1968– Former NFL player, Brooklyn Nine-Nine, Idiocracy, Old Spice ads Terry Crews
50%
1940– American-born Monty Python member; directed Brazil and 12 Monkeys Terry Gilliam
50%
1962– Had hits with "Wishing Well" and "Sign Your Name" Terence Trent D'Arby
44%
1969– Oscar-nominated actor known for Hustle & Flow and the first Iron Man Terrence Howard
44%
1956– British Prime Minister who handled early Brexit negotiations Theresa May
44%
1942–2020 Monty Python member, directed Life of Brian and The Meaning of Life Terry Jones
41%
1948– Four-time Super Bowl champion QB turned NFL commentator Terry Bradshaw
39%
1948–2015 British fantasy author of the Discworld series Terry Pratchett
37%
1943– Reclusive director of films like The Thin Red Line and The Tree of Life Terrence Malick
33%
1938– British actor known for The Collector and General Zod in Superman II Terence Stamp
31%
1958–1981 Canadian amputee who ran cross-country for cancer awareness Terry Fox
13%
1955– Convicted co-conspirator in the 1995 Oklahoma City bombing Terry Nichols
11%
1946–2000 Psychedelic philosopher: "machine elves" and timewave theory Terence McKenna
9%
1946–1978 Guitarist and founding member of the band Chicago Terry Kath
9%
No matching quizzes found
Score Distribution
Percent of People with Each Score
Percentile by Number Answered
Your Score History
You have not taken this quiz